zpět

Detail výsledku týmu

Tenis klub, Pardubice

Datum a čas kvízu

25.5 Celkem bodů Celkový počet nahraných bodů na tomto kvízu bez doplňovacích otázek.
7. Pořadí na kvízu Konečné umístění týmu na tomto kvízu.

Zaznamenané odpovědi

# Otázka Odpověď Body Výsledky
1. Nejvyšší soud v pondělí defini... proti pokutám za dopravní přestupky 1
2. Ve středu lehla popelem zbrusu... v Německu 0
3. Na úterním pražském koncertu d... Jonas Brothers 1
4. Ve které evropské metropoli se... v Paříži 0
5. Minulý týden proběhla ve španě... enduro / (terénní) motocykly 0
6. Tentokrát se v gastronomickém... tenderizér 0
7. Napište dvě slova pocházející... sous-vide 1
8. Nyní se podíváme na symboly, k... č. 4 0
9. Napište značku nádobí, kterou... Remoska 1
10. Tento nástroj je používán při... ústřice 1